MARC details
| 000 -LEADER |
| fixed length control field |
00301nam a22000977a 4500 |
| 005 - DATE AND TIME OF LATEST TRANSACTION |
| control field |
20250901165239.0 |
| 008 - FIXED-LENGTH DATA ELEMENTS--GENERAL INFORMATION |
| fixed length control field |
210226b ||||| |||| 00| 0 eng d |
| 050 ## - LIBRARY OF CONGRESS CALL NUMBER |
| Classification number |
Q160 .M33 |
| 245 ## - TITLE STATEMENT |
| Title |
The world of atoms; |
| Remainder of title |
an introduction to physical science |
| Statement of responsibility, etc. |
MCCUE, J.J.G. |
| 942 ## - ADDED ENTRY ELEMENTS (KOHA) |
| Source of classification or shelving scheme |
Library of Congress Classification |
| Classification part |
Q160 .M33 1956 |